| 000 | 00594nam a2200193Ia 4500 | ||
|---|---|---|---|
| 008 | 140626s9999 xx 000 0 und d | ||
| 100 | _aBylsma, Lauren. | ||
| 245 |
_aEmotional reactivity to daily events in major and minor depression / _cLauren Bylsma ... [et al.]. |
||
| 260 | _cc2011. | ||
| 300 | _a120 : 1, page 155 | ||
| 440 | _aJournal of Abnormal Psychology | ||
| 521 | _aPSYCH | ||
| 650 | _aDay reconstruction method. | ||
| 650 | _aEmotional reactivity. | ||
| 650 | _aExperience-sampling method. | ||
| 650 | _aMajor depression. | ||
| 650 | _aMinor depression. | ||
| 942 | _cSE | ||
| 999 |
_c121270 _d121270 |
||